LDR 01186naa#a2200193#i#450# 001 RU\\bibl\118325 005 20260601185450.1 011 ## _a2224-6789 100 ## _a20260401b2026####ek#y0rusy0150####ca 102 ## _aRU 200 1# _aО МОДЕЛИ НЕПРЕРЫВНОЙ ПОДГОТОВКИ КАДРОВ РМАТ СОВМЕСТНО С КРУПНЫМИ ПРЕДПРИЯТИЯМИ ТУРИНДУСТРИИ _eЖурнальная статья 210 1# _aМосква _cНегосударственное образовательное учреждение высшего профессионального образования Российская международная академия туризма _d2026 215 ## _a11 с. 608 ## _aЖурнальная статья _2local 675 ## _aОрганизация учебной работы. 378.14 _aЭкономическая политика в области туризма. Экономика туризма. 338.48 _z 700 #1 _aТрофимов _gЕвгений Николаевич 700 #1 _aРассохина _gТатьяна Васильевна 700 #1 _aАрзамасцев _gК. А. 856 4# _avestnik-rmat.editorum.ru _u